000 00800nam a22002057a 4500
003 OSt
005 20251125183948.0
008 240817b ||||| |||| 00| 0 eng d
040 _c0
082 _aDPer 510.5 Am351 February - April 2019 v. 141 n. 1-2
100 _a Allen, Patrick B.
_eauthor.
_958122
245 _aOn automorphic points in polarized deformation rings /
_cPatrick B. Allen.
260 _aBaltimore, Maryland U.S. :
_bJohns Hopkins University Press ,
_c February 2019.
300 _aVolume 141, pages 119-168 :
_billustration ;
_c26 cm.
500 _aAmerican Journal of Mathematics, vol. 141, no. 1, pages 119-168, February 2019.
650 0 _aMathematics.
_91041
650 0 _aMathematical analysis
_915001
700 _a Allen, Patrick B.
_eauthor.
_958122
942 _2ddc
_cPER
999 _c20587
_d20587